| Tag |
First Indicator |
Second Indicator |
Subfields |
| LEADER |
00000cam a2200000 i 4500 |
| 001 |
in00003607708 |
| 005 |
20160406141658.0 |
| 008 |
150722s2015 wea b 000 0ceng |
| 010 |
|
|
|a 2014481821
|
| 035 |
|
|
|a (OCoLC)ocn896660827
|
| 040 |
|
|
|a DLC
|b eng
|e rda
|c DLC
|d AU@
|d OCLCF
|d BDX
|d BTCTA
|d YDXCP
|d CDX
|d OCLCQ
|
| 019 |
|
|
|a 913720004
|
| 020 |
|
|
|a 9781925161458
|q (pbk.)
|
| 020 |
|
|
|a 1925161455
|q (pbk.)
|
| 020 |
|
|
|a 9781925161489
|q (electronic bk.)
|
| 020 |
|
|
|a 192516148X
|q (electronic bk.)
|
| 024 |
8 |
|
|a 40025861075
|
| 029 |
1 |
|
|a AU@
|b 000053798526
|
| 029 |
1 |
|
|a NZ1
|b 15937098
|
| 035 |
|
|
|a (OCoLC)896660827
|
| 042 |
|
|
|a pcc
|
| 043 |
|
|
|a e-uk---
|
| 050 |
0 |
0 |
|a D807.G7
|b B97 2015
|
| 082 |
0 |
4 |
|a 940.547541
|2 23
|
| 049 |
|
|
|a TXAM
|
| 100 |
1 |
|
|a Byrski, Liz,
|e author.
|
| 245 |
1 |
0 |
|a In love and war :
|b nursing heroes /
|c Liz Byrski.
|
| 264 |
|
1 |
|a Fremantle, W.A. :
|b Fremantle Press,
|c 2015.
|
| 300 |
|
|
|a 215 pages ;
|c 21 cm
|
| 336 |
|
|
|a text
|b txt
|2 rdacontent
|
| 337 |
|
|
|a unmediated
|b n
|2 rdamedia
|
| 338 |
|
|
|a volume
|b nc
|2 rdacarrier
|
| 504 |
|
|
|a Includes bibliographical references.
|
| 650 |
|
0 |
|a World War, 1939-1945
|v Biography.
|
| 650 |
|
0 |
|a World War, 1939-1945
|x Medical care.
|
| 650 |
|
0 |
|a Nurses
|z Great Britain
|v Biography.
|
| 611 |
2 |
7 |
|a World War (1939-1945)
|2 fast
|0 (OCoLC)fst01180924
|
| 650 |
|
7 |
|a Medical care.
|2 fast
|0 (OCoLC)fst01013753
|
| 650 |
|
7 |
|a Nurses.
|2 fast
|0 (OCoLC)fst01041618
|
| 651 |
|
7 |
|a Great Britain.
|2 fast
|0 (OCoLC)fst01204623
|
| 648 |
|
7 |
|a 1939 - 1945
|2 fast
|
| 655 |
|
7 |
|a Biography.
|2 fast
|0 (OCoLC)fst01423686
|
| 938 |
|
|
|a Brodart
|b BROD
|n 112618618
|
| 938 |
|
|
|a Baker and Taylor
|b BTCP
|n BK0016991315
|
| 938 |
|
|
|a Coutts Information Services
|b COUT
|n 30337518
|
| 938 |
|
|
|a YBP Library Services
|b YANK
|n 12392837
|
| 947 |
|
|
|a A14843386112
|
| 945 |
|
|
|a PromptCat
|b 576359
|
| 946 |
|
|
|a stk
|
| 994 |
|
|
|a 92
|b TXA
|
| 948 |
|
|
|a Cataloged
|b h
|c 2016/4/6
|d c
|e AReeder
|
| 999 |
f |
f |
|s f1d3b291-5c88-377e-b3b2-a70cefbf8e66
|i d94de445-bc4d-3864-9bd4-20adcf5d8682
|t 0
|
| 952 |
f |
f |
|p normal
|a Texas A&M University
|b College Station
|c Sterling C. Evans Library
|d Evans: Library Stacks
|t 0
|e D807.G7 B97 2015
|h Library of Congress classification
|i unmediated -- volume
|m A14843386112
|
| 998 |
f |
f |
|a D807.G7 B97 2015
|t 0
|l Evans: Library Stacks
|